00379nam a2200133Ia 4500008004100000082001500041100001400056245002000070260001800090600001500108942000700123952009800130999001700228241002s9999 xx 000 0 und d a808.83 WEL aWells H.G 0aTales of Wonder aLondon:c1953 aLiterature cUC 00104070aUITUbUITUd1994-01-01l0o808.83 WELpUC495r2024-10-02 09:31:22w2024-10-02yUC c18822d18822